<?xml version="1.0" encoding="UTF-8"?>
<record
    xmlns:xsi="http://www.w3.org/2001/XMLSchema-instance"
    xsi:schemaLocation="http://www.loc.gov/MARC21/slim http://www.loc.gov/standards/marcxml/schema/MARC21slim.xsd"
    xmlns="http://www.loc.gov/MARC21/slim">

  <leader>01810nam a2200205Ia 4500</leader>
  <controlfield tag="001">b4638-30262 </controlfield>
  <controlfield tag="003">IT-MiCISF</controlfield>
  <controlfield tag="008">161014s9999||||xx |||||||||||||| ||und||</controlfield>
  <datafield tag="040" ind1=" " ind2=" ">
    <subfield code="a">IT-MiCISF</subfield>
    <subfield code="c">IT-MiCISF</subfield>
  </datafield>
  <datafield tag="041" ind1=" " ind2=" ">
    <subfield code="a">it</subfield>
  </datafield>
  <datafield tag="100" ind1=" " ind2=" ">
    <subfield code="a">Gobbi Gilberto</subfield>
  </datafield>
  <datafield tag="245" ind1=" " ind2="0">
    <subfield code="a">Coppia e famiglia</subfield>
    <subfield code="b">Crescere insieme</subfield>
  </datafield>
  <datafield tag="250" ind1=" " ind2=" ">
    <subfield code="a">1a ed.</subfield>
  </datafield>
  <datafield tag="260" ind1=" " ind2=" ">
    <subfield code="a"> Verona</subfield>
    <subfield code="b">Vita nuova</subfield>
    <subfield code="c">1999</subfield>
  </datafield>
  <datafield tag="300" ind1=" " ind2=" ">
    <subfield code="a">pp. 144</subfield>
  </datafield>
  <datafield tag="500" ind1=" " ind2=" ">
    <subfield code="a"> / relazione-di-coppia, fidanzamento, scelta-del-partner, vita-familiare, figli-adolescenti, famiglia-lunga, nido-vuoto, coppia-anziana, psicologia, ciclo-familiare / Il testo si articola in quattro parti. Il primo capitolo affronta le varie fasi della vita della coppia e della famiglia, attraverso una lettura delle dinamiche familiari, che partendo dal fidanzamento arriva sino alla dissoluzione della vita di coppia. Sono analizzati i maggiori problemi che si presentano nel percorso, con particolare attenzione ai vissuti delle singole persone. Un secondo capitolo &#xE8; dedicato alle caratteristiche del clima psicoaffettivo della famiglia "sana", intesa come quel nucleo che affronta le problematiche della vita in genere con atteggiamento positivo, non negando le difficolt&#xE0;, ma cercando di affrontarle in modo costruttivo. Il terzo presenta le problematiche del clima psicoaffettivo nella famiglia intermedia, in cui la maggior parte delle persone vivono, utilizzando gli stessi criteri di analisi del capitolo precedente. In particolare ci si sofferma sulla presentazione dei vari stili familiari. L'ultimo capitolo &#xE8; costituito da allegati ossia da degli strumenti di approfondimento che possono facilitare la presa di coscienza del tipo di clima psicoaffettivo che vi &#xE8; nella propria famiglia.</subfield>
  </datafield>
  <datafield tag="650" ind1=" " ind2=" ">
    <subfield code="a"> Relazione di coppia / coppia</subfield>
    <subfield code="e">002</subfield>
  </datafield>
  <datafield tag="942" ind1=" " ind2=" ">
    <subfield code="c">BK</subfield>
  </datafield>
  <datafield tag="957" ind1=" " ind2=" ">
    <subfield code="7">1</subfield>
  </datafield>
  <datafield tag="999" ind1=" " ind2=" ">
    <subfield code="a">30262</subfield>
    <subfield code="b">si</subfield>
    <subfield code="g">1</subfield>
    <subfield code="c">212600</subfield>
    <subfield code="d">212600</subfield>
  </datafield>
  <datafield tag="952" ind1=" " ind2=" ">
    <subfield code="0">0</subfield>
    <subfield code="1">0</subfield>
    <subfield code="4">0</subfield>
    <subfield code="6">B_463830262</subfield>
    <subfield code="7">1</subfield>
    <subfield code="a">CISF</subfield>
    <subfield code="b">CISF</subfield>
    <subfield code="d">2016-10-14</subfield>
    <subfield code="l">0</subfield>
    <subfield code="o">b4638-30262 </subfield>
    <subfield code="r">2016-10-14 00:00:00</subfield>
    <subfield code="w">2016-10-14</subfield>
    <subfield code="y">BK</subfield>
    <subfield code="z">Data import 15.10.2016 / by Epidotti, Vaglietti</subfield>
  </datafield>
</record>
